বাংলায় মুসলমানদের ধর্মীয় সংস্কার আন্দোলনের স্বরূপ (১৭৫৭ - ১৯৪৭) / (Record no. 78023)
[ view plain ]
| 000 -LEADER | |
|---|---|
| fixed length control field | 02751nam a2200325 a 4500 |
| 001 - CONTROL NUMBER | |
| control field | 78023 |
| 003 - CONTROL NUMBER IDENTIFIER | |
| rucl marc code | BD-RjUL |
| 005 - DATE AND TIME OF LATEST TRANSACTION | |
| control field | 20211209083059.0 |
| 008 - FIXED-LENGTH DATA ELEMENTS--GENERAL INFORMATION | |
| fixed length control field | 210307s 2006bg ||||| m||| 00| 0 ben d |
| 035 ## - SYSTEM CONTROL NUMBER | |
| System control number | (BD-RjUL) 78249 |
| 040 ## - CATALOGING SOURCE | |
| Original cataloging agency | BD-RjUL |
| Language of cataloging | ben / eng |
| Transcribing agency | BD-RjUL |
| Modifying agency | BD-RjUL |
| 041 ## - LANGUAGE CODE | |
| Language code of text/sound track or separate title | ben |
| 082 ## - DEWEY DECIMAL CLASSIFICATION NUMBER | |
| Classification number | 297.7095492 |
| Author mark and year | RAB 2006 |
| Edition number | 23 |
| 100 ## - MAIN ENTRY--PERSONAL NAME | |
| Personal name | রহমান, মু. খলিলুর |
| 9 (RLIN) | 245635 |
| 245 10 - TITLE STATEMENT | |
| Title | বাংলায় মুসলমানদের ধর্মীয় সংস্কার আন্দোলনের স্বরূপ (১৭৫৭ - ১৯৪৭) / |
| Statement of responsibility, etc. | মু. খলিলুর. রহমান. ; |
| Linkage | প্রিন্সিপাল সুপারভাইজার : সৈয়দা. নুরে কাছেদা খাতুন, কো - সুপারভাইজার : মোহাম্মদ. মুহিবউল্যাহ ছিদ্দিকী, |
| 260 ## - PUBLICATION, DISTRIBUTION, ETC. (IMPRINT) | |
| Place of publication, distribution, etc. | রাজশাহী : |
| Name of publisher, distributor, etc. | ইসলামের ইতিহাস ও সংস্কৃতি বিভাগ, রাজশাহী বিশ্ববিদ্যালয়, |
| Date of publication, distribution, etc. | ২০০৬ |
| 300 ## - PHYSICAL DESCRIPTION | |
| Pagination | vii, ১৪৬ পাতা ; |
| Size | ২৯ সেমি. |
| 502 ## - DISSERTATION NOTE | |
| Dissertation note | থিসিস (এম. ফিল.) -- ইসলামের ইতিহাস ও সংস্কৃতি বিভাগ, রাজশাহী বিশ্ববিদ্যালয়, ২০০৬ |
| 504 ## - BIBLIOGRAPHY, ETC. NOTE | |
| Bibliography, etc | নির্বাচিত গ্রন্থপঞ্জি : পাতা [১৩৩]- ১৪৬ |
| 600 ## - SUBJECT ADDED ENTRY--PERSONAL NAME | |
| Personal name | |
| Fuller form of name | |
| General subdivision | |
| Chronological subdivision | |
| 650 ## - SUBJECT ADDED ENTRY--TOPICAL TERM | |
| Topical term or geographic name as entry element | মুসলিম |
| General subdivision | রাজনৈতিক কার্যকলাপ |
| Geographic subdivision | ভারত |
| -- | বঙ্গ |
| General subdivision | ইতিহাস |
| Chronological subdivision | ১৭৫৭ - ১৯৪৭ খ্রিষ্টাব্দ |
| 9 (RLIN) | 245764 |
| Topical term or geographic name as entry element | Muslims |
| General subdivision | Political activity |
| Geographic subdivision | India |
| -- | Bengal |
| General subdivision | History |
| Chronological subdivision | 1757-1947 A. D. |
| 9 (RLIN) | 245765 |
| Topical term or geographic name as entry element | ইসলাম ও রাজনীতি |
| Geographic subdivision | ভারত |
| -- | বঙ্গ - |
| General subdivision | ইতিহাস |
| Chronological subdivision | ১৭৫৭ - ১৯৪৭ খ্রিষ্টাব্দ |
| 9 (RLIN) | 245766 |
| Topical term or geographic name as entry element | Islam and politics |
| Geographic subdivision | India |
| -- | Bengal |
| General subdivision | History |
| Chronological subdivision | 1757-1947 A. D. |
| 9 (RLIN) | 245767 |
| 651 ## - SUBJECT ADDED ENTRY--GEOGRAPHIC NAME | |
| Geographic name | বঙ্গ (ভারত) |
| General subdivision | রাজনীতি এবং সরকার |
| Chronological subdivision | ১৭৫৭ - ১৯৪৭ খ্রিষ্টাব্দ |
| 9 (RLIN) | 245762 |
| Geographic name | Bengal (India) |
| General subdivision | Politics and government |
| Chronological subdivision | 1757-1947 A. D. |
| 9 (RLIN) | 245768 |
| 700 ## - ADDED ENTRY--PERSONAL NAME | |
| Personal name | খাতুন,সৈয়দা নুরে কাছেদা. প্রিন্সিপাল সুপারভাইজার |
| Personal name | ছিদ্দিকী, মোহাম্মদ মুহিবউল্যাহ, কো - সুপারভাইজার |
| 942 ## - ADDED ENTRY ELEMENTS (KOHA) | |
| Source of classification or shelving scheme | Dewey Decimal Classification |
| Koha item type | Theses |
| Lost status | Source of classification or shelving scheme | Damaged status | Not for loan | Collection code | Permanent Location | Current Location | Shelving location | Date acquired | Source of acquisition | Total Checkouts | Full call number | Date last seen | Copy number | Koha item type |
|---|---|---|---|---|---|---|---|---|---|---|---|---|---|---|
| Dewey Decimal Classification | Not For Loan | Theses | Central Library, University of Rajshahi | Central Library, University of Rajshahi | Documentation Section | 09/12/2021 | Controller of Exam. R.U | BTHE 297.7095492 RAB 2006 | 07/03/2021 | C-1 | Theses |